000 00869nam a22001937a 4500
999 _c63608
_d63608
003 Ge_BSU
005 20251114135834.0
008 251114s1972 ge ||||| |||| 00| 0 geo d
041 _ageo
080 _a908(479.22) ი-37
100 _aივანიძე, კ.
_926229
245 _aსაბჭოთა საქართველო /
_cკ. ივანაძე, გ. დევდარიანი.
264 _aთბ. :
_bსაბჭ. საქართველო,
_c1972.
300 _a107 გვ. ;
_b16 სმ.
490 _aთავისუფალ ერთა მძლე კავშირი ძმური
653 _aკომუნისტური მშენებლობა საქართველოში.
700 _aდევდარიანი, გ.
_eავტორი
_926230
942 _2udc
_cᲬᲘᲒᲜᲘ